[Event "Masson Coupe Defi"]
[Site "Masson"]
[Date "1993.09.19"]
[Round "3"]
[White "Laurin, Jacques"]
[Black "Lecorre, Marc"]
[Result "0-1"]
[WhiteElo "1633"]
[BlackElo "1426"]
[PlyCount "50"]
[EventDate "1993.09.18"]
[EventType "swiss"]
[EventRounds "4"]
[EventCountry "CAN"]
[SourceTitle "EXT 2022"]
[Source "ChessBase"]
[SourceDate "2021.10.06"]
[SourceVersion "1"]
[SourceVersionDate "2021.10.06"]
[SourceQuality "1"]

1. c4 e5 2. Nc3 Nc6 3. Nf3 Nf6 4. d4 e4 5. Ng5 Bb4 6. d5 Na5 7. Qd4 c5 8. Qe5+ Qe7 9. Qxe7+ Kxe7 10. e3 Bxc3+ 11. bxc3 h6 12. d6+ Ke8 13. Nh3 b6 14. Be2 Ba6 15. 0-0 Bxc4 16. Bxc4 Nxc4 17. Rd1 Rc8 18. Nf4 Rc6 19. a4 Rxd6 20. Rxd6 Nxd6 21. a5 Ke7 22. axb6 axb6 23. f3 g5 24. Ne2 Nd5 25. Bb2 Nxe3 0-1

[Event "Masson Coupe Defi"]
[Site "Masson"]
[Date "1993.09.18"]
[Round "1"]
[White "Lecorre, Marc"]
[Black "Amigues, Emmanuel"]
[Result "0-1"]
[WhiteElo "1426"]
[BlackElo "1691"]
[PlyCount "48"]
[EventDate "1993.09.18"]
[EventType "swiss"]
[EventRounds "4"]
[EventCountry "CAN"]
[SourceTitle "EXT 2022"]
[Source "ChessBase"]
[SourceDate "2021.10.06"]
[SourceVersion "1"]
[SourceVersionDate "2021.10.06"]
[SourceQuality "1"]

1. e4 c5 2. Nf3 Nc6 3. d4 cxd4 4. Nxd4 Nf6 5. Nc3 d6 6. Bb5 Bd7 7. 0-0 a6 8. Bxc6 bxc6 9. f4 e6 10. Kh1 Be7 11. Qf3 Qc7 12. f5 0-0 13. g4 d5 14. Bg5 c5 15. Bxf6 Bxf6 16. Nde2 dxe4 17. Qe3 h6 18. Ng3 Bd4 19. Qe2 e3 20. Kg1 Rab8 21. Rab1 Rb6 22. Nh5 Rfb8 23. Ne4 Rxb2 24. f6 Rxb1 0-1

[Event "Masson Coupe Defi"]
[Site "Masson"]
[Date "1993.09.18"]
[Round "2"]
[White "Lecorre, Marc"]
[Black "Maisonneuve, Paul"]
[Result "1-0"]
[WhiteElo "1426"]
[BlackElo "1517"]
[PlyCount "150"]
[EventDate "1993.09.18"]
[EventType "swiss"]
[EventRounds "4"]
[EventCountry "CAN"]
[SourceTitle "EXT 2022"]
[Source "ChessBase"]
[SourceDate "2021.10.06"]
[SourceVersion "1"]
[SourceVersionDate "2021.10.06"]
[SourceQuality "1"]

1. e4 d6 2. d4 Nf6 3. Nc3 c6 4. Bg5 Qa5 5. Bxf6 gxf6 6. Nf3 f5 7. Qd2 fxe4 8. Nxe4 Qxd2+ 9. Kxd2 Bh6+ 10. Ke1 Bf5 11. Bd3 Rg8 12. g3 Nd7 13. Nh4 Be6 14. Nc3 Nf6 15. Nd1 d5 16. Ne3 Bxe3 17. fxe3 Ne4 18. Ng2 0-0-0 19. Nf4 Bg4 20. Rc1 f5 21. c4 e5 22. Ne2 Ng5 23. Rf1 Nf3+ 24. Kd1 e4 25. Bb1 Kb8 26. Rh1 Ng5 27. a3 Nh3 28. Rf1 a5 29. cxd5 cxd5 30. Ba2 Rd6 31. Rc5 Rgd8 32. Kd2 b6 33. Rc3 Ng5 34. Nf4 Nf3+ 35. Kc1 Ng5 36. Kb1 Nf3 37. Rfc1 Nd2+ 38. Ka1 Nc4 39. Bxc4 dxc4 40. Rxc4 R8d7 41. Ng2 Be2 42. Rc8+ Kb7 43. Rf8 Rd5 44. Nf4 Rb5 45. Nxe2 Rb3 46. Nc3 Rc7 47. Kb1 Rc6 48. Rxf5 Rh6 49. h4 Rg6 50. Rg1 Rc6 51. g4 Rcxc3 52. Rf7+ Rc7 53. Rxc7+ Kxc7 54. Re1 Kd6 55. Kc2 Rb5 56. Rf1 Ke6 57. Rf4 Rd5 58. Rxe4+ Kf7 59. Re5 Rd6 60. Kd3 h6 61. e4 Rf6 62. Rf5 Ke6 63. Rxf6+ Kxf6 64. Kc4 Ke6 65. d5+ Kd6 66. Kd4 a4 67. e5+ Ke7 68. d6+ Ke6 69. d7 Kxd7 70. Kd5 Ke7 71. g5 hxg5 72. hxg5 Kf7 73. Kd6 Ke8 74. g6 Kf8 75. Kd7 Kg7 1-0